Prediche del Primo Maestro per un ritiro mensile (Record n. 104145)

Dettagli MARC
000 -LEADER
fixed length control field 00641nam a22001697a 4500
003 - CONTROL NUMBER IDENTIFIER
control field IT-RoPau
005 - DATE AND TIME OF LATEST TRANSACTION
control field 20220918181218.0
008 - FIXED-LENGTH DATA ELEMENTS--GENERAL INFORMATION
fixed length control field 131105b xxu||||| |||| 00| 0 eng d
040 ## - CATALOGING SOURCE
Transcribing agency IT-RoPau
100 ## - MAIN ENTRY--PERSONAL NAME
Personal name Alberione, Giacomo
9 (RLIN) 15
245 ## - TITLE STATEMENT
Title Prediche del Primo Maestro per un ritiro mensile
Remainder of title 15 Agosto 1960
260 ## - PUBLICATION, DISTRIBUTION, ETC. (IMPRINT)
Place of publication, distribution, etc. Roma
Name of publisher, distributor, etc. FSP
Date of publication, distribution, etc. 1960
300 ## - PHYSICAL DESCRIPTION
Extent 32 pp.
Dimensions 16 cm
500 ## - GENERAL NOTE
General note Pro manuscripto
520 ## - SUMMARY, ETC.
Summary, etc. Indice<br/><br/>Prediche del Primo Maestro per un ritiro mensile<br/><br/>I - Siamo usciti dalle mani creatrici di Dio<br/>II - Abbiamo una missione da compiere in questa vita<br/>III - Renderemo conto della nostra vocazione<br/>
942 ## - ADDED ENTRY ELEMENTS (KOHA)
Source of classification or shelving scheme Dewey Decimal Classification
Koha item type VARIE
Dati di copia
Withdrawn status Lost status Source of classification or shelving scheme Damaged status Not for loan Home library Current library Date acquired Total Checkouts Full call number Date last seen Price effective from Koha item type
    Dewey Decimal Classification Buone Condizioni Not For Loan PAULUS-BIBLIOTECA PAULUS-BIBLIOTECA 05/11/2013   P A3 05/11/2013 05/11/2013 VARIE
CREDITS: SOCIETA' SAN PAOLO Via A.Severo, 58 - ROMA (RM) & PERIODICI SAN PAOLO SRL Via Giotto, 36 MILANO & CISF Via Giotto, 36 MILANO & EDIZIONI SAN PAOLO SRL,  Piazza Soncino, 5 CINISELLO BALSAMO (MI) -- ITALY